| 000 | 00539cam a22002171 4500 | ||
|---|---|---|---|
| 001 | sa 68002827 | ||
| 003 | DLC | ||
| 005 | 20260227112447.0 | ||
| 008 | 890525s1967 ii 000 0 kano | ||
| 010 | _asa 68002827 | ||
| 035 | _a(OCoLC)19766697 | ||
| 040 |
_aDLC _cWaU _dDLC |
||
| 042 | _apremarc | ||
| 050 | 0 | 0 |
_aPK3659 _b.R3 |
| 100 | 2 |
_aRamachandra Rao, Saligrama Krishna, _d1926- |
|
| 245 | 1 | 0 | _aVālmīki pratibhe. |
| 260 | _c[1967] | ||
| 300 |
_a63 p. _c16 cm. |
||
| 500 | _aIn Kannada. | ||
| 600 | 0 | 0 |
_aVālmīki. _tRāmāyaṇa. |
| 999 |
_c79014 _d79014 |
||